Missing Word: 1998 A-Z Movies Quiz Stats

 Plays Quiz Updated Jun 25, 2018

Challenge
Share
Tweet
Embed
Score 0/26 Timer 05:00
0 Plays Today
Letter Missing Word % Correct
LLife
97.6%
PPrivate
97.5%
VVegas
96.6%
WWeapon
96.5%
MMary
96.4%
XX
96.1%
NNights
95.9%
ZZorro
95.2%
IIron
95%
OOdd
94.8%
HHorse
94.3%
JJack
93.9%
AAngels
90.5%
Letter Missing Word % Correct
DDeep
87.9%
BBlues
87.6%
YYoung
86.6%
QQuest
85.7%
SShakespeare
72.7%
FFloats
68%
UUp
64.4%
EExpectations
63.9%
TTrue
51.6%
RReturn
42.6%
KKillers
34.4%
CCity
29.3%
GGiant
10.8%

Today's Daily Dose

Missing Word
Hayao Miyazaki

Word Ladder
Florida

On This Day
December 13th II

You're not logged in!

Compare scores with friends on all Sporcle quizzes.
OR
Log In

You Might Also Like...

Show Comments

Extras

Top Quizzes Today


Score Distribution

Your Account Isn't Verified!

In order to create a playlist on Sporcle, you need to verify the email address you used during registration. Go to your Sporcle Settings to finish the process.

Report this User

Report this user for behavior that violates our Community Guidelines.

Details: